000 00302nam a2200121Ia 4500
008 190722s9999 xx 000 0 und d
020 _a978-81-265-5897-1
100 _aWallace Wang
245 0 _aMicroSoft Office 2016 for Dummies
260 _aDelhi
_bJohn Wiley
_c2016
300 _a454
942 _cBK
999 _c1159
_d1159